| 000 | 00492nam a22001697a 4500 | ||
|---|---|---|---|
| 999 |
_c3392 _d3392 |
||
| 003 | URS | ||
| 005 | 20220114142502.0 | ||
| 008 | 191010s1996 ph |||| |||| 00| 0 eng d | ||
| 020 | _a9715693304 | ||
| 040 |
_cURS _beng _drda |
||
| 050 | 1 | 4 |
_aPE 1122 _b.D121 1996 |
| 100 | _aDadufalza,Conception D. | ||
| 245 | 1 | 0 |
_aReading into writing 2 _cConception D. Dadufalza |
| 260 |
_aMakatiCity: _bBookmark Incorporation; _c[1996] |
||
| 300 |
_axi,476 pages: _bwith Illustration; _c25 cm. |
||
| 942 |
_2lcc _cREF |
||